000 00947cam a2200277 a 4500
999 _c2711
_d2711
001 2260045
003 OSt
005 20230811153108.0
008 220523s1992 nyuab b 001 0aeng
010 _a92020762
020 _a9780553563382
_q(pbk.)
040 _aDHU
_cKH8
042 _anbic
082 0 0 _a355.009 NOR
100 1 0 _aSchwarzkopf, H. Norman,
_d1934-
_eauthor.
245 1 0 _aIt doesn't take a hero :
_bGeneral H. Norman Schwarzkopf, the autobiography /
_cwritten with Peter Petre.
260 _aNew York :
_bBantam Books,
_c1993.
300 _axii, 625 pages :
_billustrations, photographs, maps ;
_c4.22 x 1.41 x 6.7 inches.
500 _aIncludes Index
504 _aIncludes bibliographical references (p. 588-589) and index.
600 1 0 _aSchwarzkopf, H. Norman,
_d1934-
610 1 0 _aUnited States.
_bArmy
_xBiography.
650 0 _aGenerals
_zUnited States
_xBiography.
700 1 _aPetre, Peter.
_eauthor.
942 _2ddc
_cTR